00746nam a2200121Ia 4500008004100000020001800041100009900059245018600158260002700344650002000371650019000391856004300581171212s9999 xx 000 0 und d a9780833044808 aFarley, Donna O.;Damberg, Cheryl L.;Ridgely, M. Susan;Sorbero, Melony E.;Greenberg, Michael D. cFarley, Donna O.;Damberg, Cheryl L.;Ridgely, M. Susan;Sorbero, Melony E.;Greenberg, Michael D.aAssessment of the AHRQ Patient Safety InitiativebFinal Report—Evaluation Report IV bRAND Corporationc2008 aHealth Sciences aMedical errors -- Prevention -- Government policy -- United States; Iatrogenic diseases -- Prevention -- Government policy -- United States; Patients -- United States -- Safety measures uwww.jstor.org/stable/10.7249/tr563ahrq